000 00572nmm a2200169Ia 4500
008 251105s9999||||xx |||||||||||||||||und||
020 _a9788476582688
041 _aspa
100 _aNaharro Calderón, José María (coord.)
245 0 _aEl exilio de las Españas de 1939 en las Américas: ''adónde fue la canción?''
264 _a[Madrid, España] :
_bAnthropos,
_c1991
300 _a436 páginas
490 _aMemoria rota. Exilios y heterodoxias
650 _aHistory of Europe: Spain
856 _uhttps://public.digitaliapublishing.com/a/66515
942 _cCF
999 _c85106
_d85106